01482 a2200181 45000010006000000050017000060080041000230030015000640400040000790800030001192450065001490200018002142500012002322640032002443000021002765050975002971000028012725461720260407155820.0260407a1989 arg spa dAR-UNSa-BCEJYS aAR-UNSa-BCEJYSbspacAR-UNSa-BCEJYS a329.12xCorriente liberal10aLiberalismo y Estructuralismopen la Argentina contemporanea a950-9109-25-8 a2a. ed. 1aBuenos Aires :bTesisc1989 a370 p.c22,5 cm. a1. Introducción a la investigación y contenido de la misma - Parte I: Análisis empírico - 2. Evolución de la economía argentina en el período 1946-81 - Parte II: Análisis conceptual - 3. Antecedentes de filosofía económica del modelo liberal argentino contemporáneo - 4. Filosofía económica del modelo liberal argentino contemporáneo - 5. Antecedentes de filosofía económica de los modelos estructuralistas argentinos contemporáneos - 6. Filosofía económica de los modelos estructuralistas argentinos contemporáneos - Parte III: Análisis pragmático - 7. Funcionamiento de la estructura económica argentina contemporánea - 8. Funcionamiento teórico de los modelos de política económica en la Argentina contemporánea - 9. Aproximación empírica al funcionamiento de los modelos de política económica en la Argentina contemporánea - 10. Hacia un modelo viable de política económica en la Argentina actual1 aFerrucci, Ricardo Jorge